000 00740nam a2200265Ia 4500
001 8689
005 20240113234128.0
007 ta
008 050721s1988 a g b000 u eng u
020 _a81-85274-18-5
040 _aCotton College,Assam
041 _aeng
082 _a370.195
_bHa 19 Co
100 _aHans, Nicholas .
245 0 _aComparative Education: A Study of Educational Factors and Traditions /
_cNicholas Hans.
_hTextual Documents
250 _a1st ed. /
260 _aLondon :
_bRoutledge Publishers ,
_c1988.
300 _avii, 334p. :
_bill ;
_c22cm .
504 _aIndex
653 _aEducation
653 _aComparative Education
942 _2ddc
_cBK
999 _c8676
_d8676